Wild property (Record no. 68427)
[ view plain ]
| 000 -LEADER | |
|---|---|
| fixed length control field | 01504cam a2200253 4500 |
| 001 - CONTROL NUMBER | |
| control field | ABS64579 |
| 008 - FIXED-LENGTH DATA ELEMENTS--GENERAL INFORMATION | |
| fixed length control field | 010928n2001 000 0 eng u |
| 035 ## - SYSTEM CONTROL NUMBER | |
| System control number | (Sirsi) u114926 |
| 100 ## - MAIN ENTRY--PERSONAL NAME | |
| Personal name | McConnell, T. |
| 245 ## - TITLE STATEMENT | |
| Title | Wild property |
| 260 ## - PUBLICATION, DISTRIBUTION, ETC. | |
| Date of publication, distribution, etc. | 2001 |
| 490 ## - SERIES STATEMENT | |
| Series statement | Property Week |
| Volume/sequential designation | 66(38) 21 September 2001, 38-42(5) |
| 520 ## - SUMMARY, ETC. | |
| Summary, etc. | A three-part guide looking at the steamier side of the property industry. Firstly, considers boxing-based fitness clubs for white collar workers - a new concept that is about to be brought to the UK from the US. Considers how successful the concept is likely to be in the UK, and looks at the emerging demand for suitable space for these clubs. Secondly, discusses table-dancing clubs, which have become the fastest growing sector of the UK leisure industry. Notes that table-dancing operators are actively searching for long-term leases on prime-located properties and are willing to pay large sums to get them. Contends that table-dancing has improved its image, and even gained a respected reputation in the leisure market. Finally, describes how Britain's first cannabis cafe opened for business in Stockport, Manchester, in September 2001, but was promptly shut-down, just 90 minutes later. |
| 590 ## - LOCAL NOTE (RLIN) | |
| Local note | ABS |
| 650 ## - SUBJECT ADDED ENTRY--TOPICAL TERM | |
| Topical term or geographic name entry element | BOXING CLUBS |
| 650 ## - SUBJECT ADDED ENTRY--TOPICAL TERM | |
| Topical term or geographic name entry element | TABLE DANCING |
| 650 ## - SUBJECT ADDED ENTRY--TOPICAL TERM | |
| Topical term or geographic name entry element | CANNABIS CAFES |
| 650 ## - SUBJECT ADDED ENTRY--TOPICAL TERM | |
| Topical term or geographic name entry element | LEISURE PROPERTY |
| 650 ## - SUBJECT ADDED ENTRY--TOPICAL TERM | |
| Topical term or geographic name entry element | MARKET |
| 690 ## - LOCAL SUBJECT ADDED ENTRY--TOPICAL TERM (OCLC, RLIN) | |
| Topical term or geographic name as entry element | LEISURE AND RECREATION |
| 700 ## - ADDED ENTRY--PERSONAL NAME | |
| Personal name | Creasey, S. |
| 700 ## - ADDED ENTRY--PERSONAL NAME | |
| Personal name | Hamson, L. |
| 942 ## - ADDED ENTRY ELEMENTS (KOHA) | |
| Suppress in OPAC | 0 |
| Withdrawn status | Lost status | Source of classification or shelving scheme | Damaged status | Not for loan | Home library | Current library | Shelving location | Date acquired | Total Checkouts | Full call number | Barcode | Date last seen | Copy number | Price effective from | Koha item type |
|---|---|---|---|---|---|---|---|---|---|---|---|---|---|---|---|
| Dewey Decimal Classification | London | London | Journal article | 28/09/2001 | ABS64579 | 114926-1001 | 06/08/2019 | 1 | 06/08/2019 | Journal article |